<?xml version="1.0" encoding="UTF-8"?><?xml-stylesheet type="text/xsl" href="static/style.xsl"?><OAI-PMH xmlns="http://www.openarchives.org/OAI/2.0/" xmlns:xsi="http://www.w3.org/2001/XMLSchema-instance" xsi:schemaLocation="http://www.openarchives.org/OAI/2.0/ http://www.openarchives.org/OAI/2.0/OAI-PMH.xsd"><responseDate>2026-04-17T01:40:27Z</responseDate><request verb="GetRecord" identifier="oai:www.recercat.cat:2099.1/12423" metadataPrefix="marc">https://recercat.cat/oai/request</request><GetRecord><record><header><identifier>oai:recercat.cat:2099.1/12423</identifier><datestamp>2025-07-22T16:13:26Z</datestamp><setSpec>com_2072_1033</setSpec><setSpec>col_2072_452951</setSpec></header><metadata><record xmlns="http://www.loc.gov/MARC21/slim" xmlns:dcterms="http://purl.org/dc/terms/" xmlns:xsi="http://www.w3.org/2001/XMLSchema-instance" xmlns:doc="http://www.lyncode.com/xoai" xsi:schemaLocation="http://www.loc.gov/MARC21/slim http://www.loc.gov/standards/marcxml/schema/MARC21slim.xsd">
   <leader>00925njm 22002777a 4500</leader>
   <datafield ind2=" " ind1=" " tag="042">
      <subfield code="a">dc</subfield>
   </datafield>
   <datafield ind2=" " ind1=" " tag="720">
      <subfield code="a">Agnello, Vincenzo</subfield>
      <subfield code="e">author</subfield>
   </datafield>
   <datafield ind2=" " ind1=" " tag="260">
      <subfield code="c">2011-06-30</subfield>
   </datafield>
   <datafield ind2=" " ind1=" " tag="520">
      <subfield code="a">Castellano: El presente proyecto se desarrolla en una grande empresa del sector de la alimentación de ámbito nacional y cuyas plantas más importantes están ubicadas en la provincia de Barcelona. Estas han aumentado considerablemente sus capacidades productivas a costa de la reducir zonas de almacenado. Además se ha construido, recientemente, una nueva nave destinada al almacenaje próxima a la fabrica pero distantes. Generando de esta manera un volumen considerable de tráfico de camiones. La empresa se ha planteado de desarrollar un sistema de gestión de tráfico, con el fin de incrementar el nivel de producción y mejorar el uso de los recursos que hay en la planta, como los muelles, las áreas de aparcamiento y las zonas de stocks. Para este propósito la empresa realizó un estudio sobre tecnología MES (Manufacturing Execution System) del cual salió seleccionado el fabricante de software Wonderware de entre tres candidatos. El objetivo del proyecto es dotar a la empresa de un entorno de pruebas en donde pueden realizar pruebas con la tecnología seleccionada. Para conseguir el objetivo se desarrollarán las siguientes tareas: - Análisis exhaustivo de los procesos productivos de la empresa. - Diseño y desarrollo de un entorno productivo simulado, basado en el análisis anterior - Desarrollo de una capa de comunicaciones que estandarice el acceso a toda la información necesaria para la producción. - Implantación de la tecnología de automatización seleccionada previamente ( sistema de gestión de trafico) - Diseñar y desarrollar una aplicación SCADA capaz de visualizar el funcionamiento del sistema de gestión de tráfico.</subfield>
   </datafield>
   <datafield tag="653" ind2=" " ind1=" ">
      <subfield code="a">Àrees temàtiques de la UPC::Economia i organització d'empreses::Direcció d'operacions::Anàlisi de processos de negoci i de fabricació</subfield>
   </datafield>
   <datafield tag="653" ind2=" " ind1=" ">
      <subfield code="a">Production management</subfield>
   </datafield>
   <datafield tag="653" ind2=" " ind1=" ">
      <subfield code="a">Flexible manufacturing systems</subfield>
   </datafield>
   <datafield tag="653" ind2=" " ind1=" ">
      <subfield code="a">Diseño</subfield>
   </datafield>
   <datafield tag="653" ind2=" " ind1=" ">
      <subfield code="a">Desarrollo</subfield>
   </datafield>
   <datafield tag="653" ind2=" " ind1=" ">
      <subfield code="a">Gestìon</subfield>
   </datafield>
   <datafield tag="653" ind2=" " ind1=" ">
      <subfield code="a">Trafico</subfield>
   </datafield>
   <datafield tag="653" ind2=" " ind1=" ">
      <subfield code="a">SCADA</subfield>
   </datafield>
   <datafield tag="653" ind2=" " ind1=" ">
      <subfield code="a">Design</subfield>
   </datafield>
   <datafield tag="653" ind2=" " ind1=" ">
      <subfield code="a">Development</subfield>
   </datafield>
   <datafield tag="653" ind2=" " ind1=" ">
      <subfield code="a">Management</subfield>
   </datafield>
   <datafield tag="653" ind2=" " ind1=" ">
      <subfield code="a">Truck-traffic</subfield>
   </datafield>
   <datafield tag="653" ind2=" " ind1=" ">
      <subfield code="a">SCADA</subfield>
   </datafield>
   <datafield tag="653" ind2=" " ind1=" ">
      <subfield code="a">MES</subfield>
   </datafield>
   <datafield tag="653" ind2=" " ind1=" ">
      <subfield code="a">Producció -- Direcció i administració</subfield>
   </datafield>
   <datafield tag="653" ind2=" " ind1=" ">
      <subfield code="a">Sistemes de fabricació flexible</subfield>
   </datafield>
   <datafield ind2="0" ind1="0" tag="245">
      <subfield code="a">Diseño y desarrollo de un sistema de gestión de trafico en un entorno industrial</subfield>
   </datafield>
</record></metadata></record></GetRecord></OAI-PMH>